LEADER 02809nam 2200697 450 001 9910463729303321 005 20210922073116.0 010 $a0-8144-4918-2 035 $a(CKB)2670000000600754 035 $a(EBL)1964260 035 $a(SSID)ssj0001438270 035 $a(PQKBManifestationID)12618756 035 $a(PQKBTitleCode)TC0001438270 035 $a(PQKBWorkID)11377297 035 $a(PQKB)11448256 035 $a(MiAaPQ)EBC1964260 035 $a(CaSebORM)9780814449172 035 $a(Au-PeEL)EBL1964260 035 $a(CaPaEBR)ebr11032913 035 $a(CaONFJC)MIL750139 035 $a(OCoLC)904698000 035 $a(EXLCZ)992670000000600754 100 $a20150327h20152015 uy 0 101 0 $aeng 135 $aurunu||||| 181 $ctxt 182 $cc 183 $acr 200 10$aLeading with cultural intelligence $ethe real secret to success /$fDavid Livermore ; foreword by Soon Ang, Ph.D., and Linn Van Dyne, Ph.D 205 $aSecond edition. 210 1$aNew York, New York :$cAmerican Management Association,$d2015. 210 4$d©2015 215 $a1 online resource (298 p.) 300 $aDescription based upon print version of record. 311 $a1-336-18853-7 311 $a0-8144-4917-4 320 $aIncludes bibliographical references and index. 327 $aPart I. Cultural intelligence for global leaders -- Part II. Developing cultural intelligence -- Part III. Leveraging cultural intelligence. 330 $aBusiness today is global-and success requires a new set of skills. But not to worry, whether you're negotiating with vendors in Asia, exploring potential markets in Africa, or leading a diverse team at home, you don't have to master the nuances of every culture you encounter. With Cultural Intelligence, or CQ, you can lead effectively in any context. With Leading with Cultural Intelligence as your guide, you'll be able to thrive in any business environment-whether it's across the world or in your own backyard. 606 $aLeadership$vCross-cultural studies 606 $aOrganizational behavior$vCross-cultural studies 606 $aManagement$vCross-cultural studies 606 $aIntercultural communication 606 $aCross-cultural orientation 608 $aElectronic books. 615 0$aLeadership 615 0$aOrganizational behavior 615 0$aManagement 615 0$aIntercultural communication. 615 0$aCross-cultural orientation. 676 $a658.4/092 700 $aLivermore$b David A.$f1967-$0743467 702 $aAng$b Soon 702 $aDyne$b Linn Van 801 0$bMiAaPQ 801 1$bMiAaPQ 801 2$bMiAaPQ 906 $aBOOK 912 $a9910463729303321 996 $aLeading with cultural intelligence$92450770 997 $aUNINA LEADER 03051nam 2200841zu 450 001 9910137410903321 005 20260106220435.0 010 $a2-8218-4502-2 024 7 $a10.4000/books.ifea.2027 035 $a(CKB)3710000000543685 035 $a(SSID)ssj0001596065 035 $a(PQKBManifestationID)16295943 035 $a(PQKBTitleCode)TC0001596065 035 $a(PQKBWorkID)14885068 035 $a(PQKB)10614292 035 $a(FrMaCLE)OB-ifea-2027 035 $a(oapen)https://directory.doabooks.org/handle/20.500.12854/54035 035 $a(PPN)19577213X 035 $a(oapen)doab54035 035 $a(EXLCZ)993710000000543685 100 $a20160829d1992 uy 101 0 $aspa 135 $auu||||||m|||| 181 $ctxt 182 $cc 183 $acr 200 00$aMujeres de los Andes : condiciones de vida y salud 210 $cInstitut français d?études andines$d1992 210 31$a[Place of publication not identified]$cIFEA$d1992 215 $a1 online resource (471 p.) 300 $aBibliographic Level Mode of Issuance: Monograph 311 08$a958-616-173-0 330 1 $a"Rich collection of articles by anthropologists, economists, historians, physicians, and sociologists reflects on the complexity and diversity of issues associated with women's participation in traditional and non-traditional socio-cultural roles in Bolivia, Colombia, Ecuador, and Peru. Issues addressed include the relationship between illness and pregnancy in different ethnic groups within both urban and rural areas, female participation in civil society, and violence in gender relations"--Handbook of Latin American Studies, v. 57.$uhttp://www.loc.gov/hlas/ 606 $aSocial Conditions 606 $aWomen's Rights 606 $aWomen's Health 606 $aHealth 606 $aHuman Rights 606 $aSocioeconomic Factors 606 $aSociology 606 $aSocial Control, Formal 606 $aSocial Sciences 606 $aPopulation Characteristics 606 $aDelivery of Health Care 606 $aHealth Care Economics and Organizations 610 $aAndes 610 $aXXe siècle 610 $asanté 610 $adiscrimination sexuelle 610 $afemmes 610 $ahygiène 610 $aconditions de vie 610 $aviolence 615 2$aSocial Conditions. 615 2$aWomen's Rights. 615 2$aWomen's Health. 615 2$aHealth. 615 2$aHuman Rights. 615 2$aSocioeconomic Factors. 615 2$aSociology. 615 2$aSocial Control, Formal. 615 2$aSocial Sciences. 615 2$aPopulation Characteristics. 615 2$aDelivery of Health Care. 615 2$aHealth Care Economics and Organizations. 701 $aFassin$b Didier$0719773 701 $aViveros$b M$g(Mara)$01885448 702 $aDefossez$b A. C$g(Anne-Claire), 801 0$bPQKB 906 $aBOOK 912 $a9910137410903321 996 $aMujeres de los Andes : condiciones de vida y salud$94520734 997 $aUNINA